[Event "Lichtenberger Sommer"]
[Site "Berlin"]
[Date "2009.08.23"]
[Round "9.18"]
[White "Keil, Uwe"]
[Black "Carlstedt, Jonathan"]
[Result "0-1"]
[WhiteElo "2141"]
[BlackElo "2309"]
[PlyCount "86"]
[EventDate "2009.??.??"]
[WhiteTeam "SC Friesen Lichtenberg e.V."]
[BlackTeam "Hamburger SK von 1830 eV"]

1. e4 c5 2. Nc3 Nc6 3. g3 g6 4. Bg2 Bg7 5. d3 e6 6. Be3 d6 7. Qd2 Rb8 8. Nge2
Nd4 9. O-O b5 10. Nc1 h5 11. Nd1 e5 12. c3 Nc6 13. Ne2 b4 14. d4 bxc3 15. bxc3
Ba6 16. dxc5 dxc5 17. Qxd8+ Kxd8 18. Re1 Bf8 19. Bc1 Bd6 20. Ne3 Nf6 21. Ba3
Kc7 22. Rad1 Rhd8 23. c4 Nd4 24. Nc3 Kc6 25. f4 Ng4 26. Ncd5 Nxe3 27. Nxe3 Bc7
28. fxe5 Bxe5 29. Kh1 f6 30. Rc1 Rh8 31. Nd5 Kd6 32. Red1 h4 33. g4 h3 34. Bf1
Rh4 35. Rd3 Rbh8 36. Re3 Rxg4 37. Bxh3 Rgh4 38. Kg2 g5 39. Bxc5+ Kxc5 40. Ra3
Bc8 41. Ra5+ Kc6 42. Ne7+ Kb6 43. Ra3 Bxh3+ 0-1

[Event "Lichtenberger Sommer"]
[Site "Berlin"]
[Date "2009.08.23"]
[Round "9.19"]
[White "Heuser, Philip"]
[Black "Syska, Albert"]
[Result "0-1"]
[WhiteElo "2081"]
[BlackElo "2268"]
[PlyCount "54"]
[EventDate "2009.??.??"]
[WhiteTeam "SG Heidelberg-Kirchheim"]
[BlackTeam "SK 1879 HD-Handschuhsheim"]

1. d4 Nf6 2. c4 c5 3. d5 e5 4. Nc3 d6 5. e4 Be7 6. g3 g6 7. Bg2 Nh5 8. Nge2 O-O
9. O-O f5 10. f4 Nd7 11. exf5 gxf5 12. b3 Bf6 13. Bb2 a6 14. a4 b6 15. Qd2 Ra7
16. Bh3 exf4 17. Nxf4 Nxf4 18. gxf4 Bd4+ 19. Kh1 Nf6 20. Rf3 Rg7 21. Rg3 Rff7
22. Re1 Bd7 23. Re2 Nh5 24. Rxg7+ Rxg7 25. Rg2 Qh4 26. Rxg7+ Bxg7 27. Bg2 Ng3+
0-1

[Event "Lichtenberger Sommer"]
[Site "Berlin"]
[Date "2009.08.23"]
[Round "9.20"]
[White "Neffe, Axel"]
[Black "Bendfeldt, Tim"]
[Result "1-0"]
[WhiteElo "2235"]
[BlackElo "2064"]
[PlyCount "79"]
[EventDate "2009.??.??"]
[WhiteTeam "Queer-Springer SSV Berlin"]
[BlackTeam "Kieler SG von 1884 / Meerbauer"]

1. e4 e6 2. d4 d5 3. Nd2 Nf6 4. e5 Nfd7 5. Bd3 c5 6. c3 Nc6 7. Ne2 cxd4 8. cxd4
f6 9. exf6 Nxf6 10. Nf3 Bd6 11. O-O O-O 12. Bf4 Bxf4 13. Nxf4 Ne4 14. Nh5 Ng5
15. Ne5 Nxe5 16. dxe5 g6 17. Nf6+ Rxf6 18. exf6 Bd7 19. f4 Nf7 20. Qe2 a6 21.
Rf3 Rc8 22. Raf1 Qxf6 23. Rg3 Kg7 24. Kh1 Nd6 25. Qe5 Nf7 26. Qxf6+ Kxf6 27.
Rh3 Kg7 28. Re3 Nd6 29. Kg1 Kf7 30. Rfe1 Re8 31. Rc1 Bb5 32. Rc7+ Re7 33. Rxe7+
Kxe7 34. Bxb5 axb5 35. Rc3 Nc4 36. b3 Kd6 37. bxc4 bxc4 38. Kf2 b5 39. a3 d4
40. Rg3 1-0

[Event "Lichtenberger Sommer"]
[Site "Berlin"]
[Date "2009.08.23"]
[Round "9.21"]
[White "Petkov, Peter"]
[Black "Rietze, Clemens"]
[Result "0-1"]
[WhiteElo "1918"]
[BlackElo "2192"]
[PlyCount "36"]
[EventDate "2009.??.??"]
[WhiteTeam "vereinslos"]
[BlackTeam "USV Potsdam e.V., Abt. Schach"]

1. Nc3 c5 2. a3 Nc6 3. e3 g6 4. d4 d5 5. Bb5 Nf6 6. dxc5 Bg7 7. Nf3 O-O 8. O-O
Re8 9. Nd4 Qc7 10. Bd2 e5 11. Nb3 Bf5 12. Bd3 a5 13. Re1 e4 14. Bf1 Ng4 15. g3
Nge5 16. Be2 Qd7 17. f4 exf3 18. Bxf3 Bxc2 0-1

[Event "Lichtenberger Sommer"]
[Site "Berlin"]
[Date "2009.08.23"]
[Round "9.22"]
[White "Escher, Clemens"]
[Black "Sabrowski, Uwe"]
[Result "1-0"]
[WhiteElo "2193"]
[BlackElo "2127"]
[PlyCount "73"]
[EventDate "2009.??.??"]
[WhiteTeam "SK König Tegel 1949 e.V."]
[BlackTeam "SC Friesen Lichtenberg e.V."]

1. d4 f5 2. c4 g6 3. Nc3 Nf6 4. f3 c6 5. e4 d5 6. exd5 cxd5 7. Qb3 e6 8. Bg5 h6
9. Bxf6 Qxf6 10. cxd5 Qxd4 11. Bb5+ Kf7 12. Nge2 Qb4 13. Qc2 exd5 14. O-O-O Bg7
15. a3 Qc5 16. Rxd5 Qe3+ 17. Kb1 Be6 18. Rd3 Qb6 19. Rhd1 Rc8 20. Nd4 Bxd4 21.
Rxd4 Na6 22. Rd6 Rxc3 23. Rxb6 Rxc2 24. Rxb7+ Kf6 25. Kxc2 Bb3+ 26. Kxb3 Nc5+
27. Kc3 Nxb7 28. b4 Rc8+ 29. Kb3 Rc7 30. Rd7 Rxd7 31. Bxd7 g5 32. Kc4 Ke7 33.
Bc6 Nd8 34. Bd5 Kd6 35. Kd4 h5 36. g3 a6 37. f4 1-0

[Event "Lichtenberger Sommer"]
[Site "Berlin"]
[Date "2009.08.23"]
[Round "9.23"]
[White "Rohde, Wolfgang"]
[Black "Davydov, Ruven"]
[Result "1-0"]
[WhiteElo "2179"]
[BlackElo "1932"]
[PlyCount "74"]
[EventDate "2009.??.??"]
[WhiteTeam "SC Friesen Lichtenberg e.V."]
[BlackTeam "TuS Makkabi Berlin e.V."]

1. d4 Nf6 2. Nf3 e6 3. g3 b6 4. Bg2 Bb7 5. O-O Be7 6. c4 O-O 7. Nc3 d6 8. Qc2
Nbd7 9. Rd1 Qc8 10. Bh3 Qb8 11. b3 Rd8 12. Ng5 h6 13. Nxe6 fxe6 14. Bxe6+ Kh8
15. Nd5 Nxd5 16. cxd5 Nf8 17. Bf7 Bf6 18. e4 Rd7 19. Bh5 c5 20. dxc6 Rc7 21. d5
Bxa1 22. Ba3 Qd8 23. Rxa1 Ba6 24. Qd2 Qf6 25. Re1 Rd8 26. f4 Nh7 27. Bb2 Qf8
28. Rc1 Nf6 29. Bf3 Qe8 30. e5 dxe5 31. fxe5 Nxd5 32. Bxd5 Qf7 33. Rd1 Qf8 34.
e6 Rxc6 35. Qxh6+ Kg8 36. e7+ Rxd5 37. exf8=Q+ Kxf8 1-0

[Event "Lichtenberger Sommer"]
[Site "Berlin"]
[Date "2009.08.23"]
[Round "9.24"]
[White "Schmidt, Frank"]
[Black "Maahs, Erich"]
[Result "1-0"]
[WhiteElo "1904"]
[BlackElo "2174"]
[PlyCount "61"]
[EventDate "2009.??.??"]
[WhiteTeam "SV Eutin von 1875"]
[BlackTeam "SC Concordia SAbt Palame"]

1. d4 d5 2. Nf3 Nf6 3. g3 Bf5 4. Bg2 c6 5. O-O h6 6. c4 e6 7. Nc3 Be7 8. Qb3
Qb6 9. c5 Qxb3 10. axb3 a6 11. b4 O-O 12. b5 Ne4 13. bxc6 Nxc3 14. bxc3 Nxc6
15. Nd2 Rfd8 16. e3 e5 17. Bb2 exd4 18. exd4 Bf6 19. Rfe1 Rd7 20. f4 Kf8 21.
Bf3 Re8 22. Kf2 Bd3 23. Nf1 Rxe1 24. Rxe1 Bxf1 25. Kxf1 Na5 26. Ba3 Nc6 27. c4
Bxd4 28. cxd5 Ne7 29. c6 bxc6 30. dxc6 Ra7 31. Rxe7 1-0

[Event "Lichtenberger Sommer"]
[Site "Berlin"]
[Date "2009.08.23"]
[Round "9.25"]
[White "Neumann, Joachim"]
[Black "Gräfe, Charly"]
[Result "1/2-1/2"]
[WhiteElo "2191"]
[BlackElo "1889"]
[PlyCount "58"]
[EventDate "2009.??.??"]
[WhiteTeam "Kieler SG von 1884 / Meerbauer"]
[BlackTeam "SF Friedrichshagen"]

1. Nf3 d5 2. d4 Nf6 3. Bf4 e6 4. e3 Bd6 5. Bd3 b6 6. Ne5 Bb7 7. Nd2 Qe7 8. Bg5
a6 9. f4 Nbd7 10. Ndf3 c5 11. c3 b5 12. Qe2 Qd8 13. O-O Qc7 14. Nxd7 Nxd7 15.
e4 dxe4 16. Bxe4 Bxe4 17. Qxe4 O-O 18. Ne5 f5 19. Qd3 Nf6 20. Bh4 cxd4 21. cxd4
Rac8 22. Rad1 Qc2 23. Bxf6 gxf6 24. Qxc2 Rxc2 25. Nd3 Rfc8 26. Rf2 Rxf2 27.
Kxf2 Rc2+ 28. Kf3 Kf7 29. h3 h5 1/2-1/2

[Event "Lichtenberger Sommer"]
[Site "Berlin"]
[Date "2009.08.23"]
[Round "9.26"]
[White "Voigt, Ingo"]
[Black "Handel, Horst"]
[Result "1-0"]
[WhiteElo "2046"]
[BlackElo "2127"]
[PlyCount "79"]
[EventDate "2009.??.??"]
[WhiteTeam "BSV 63 Chemie Weißensee"]
[BlackTeam "SC Friesen Lichtenberg e.V."]

1. Nf3 f5 2. d4 Nf6 3. g3 d5 4. Bg2 c6 5. O-O e6 6. c4 Bd6 7. b3 Qe7 8. Bb2
Nbd7 9. Nbd2 Ng4 10. h3 Nh6 11. Ne5 Nxe5 12. dxe5 Bc5 13. Nf3 Nf7 14. Qd2 O-O
15. a3 dxc4 16. b4 Bb6 17. Qc2 Bd7 18. Qxc4 Rfd8 19. e3 Be8 20. Nd4 Bd7 21. f4
Kh8 22. Nc2 Rg8 23. Kh2 g5 24. Rad1 Rg6 25. Nd4 Rag8 26. Nxf5 Qd8 27. Nd6 Qe7
28. f5 Rh6 29. fxe6 Bxe6 30. Nxf7+ Kg7 31. Nxh6 Bxc4 32. Nf5+ Kf7 33. Nxe7+
Kxe7 34. Rf3 Be2 35. Rd2 Bxf3 36. Bxf3 Rd8 37. Rd1 Rxd1 38. Bxd1 Bxe3 39. Bb3
b6 40. Kg2 1-0

[Event "Lichtenberger Sommer"]
[Site "Berlin"]
[Date "2009.08.23"]
[Round "9.27"]
[White "Schüler, Wolfgang"]
[Black "Kupfer, Michael"]
[Result "0-1"]
[WhiteElo "1998"]
[BlackElo "2198"]
[PlyCount "92"]
[EventDate "2009.??.??"]
[WhiteTeam "SC Friesen Lichtenberg e.V."]
[BlackTeam "SC Friesen Lichtenberg e.V."]

1. e4 c5 2. Nc3 Nc6 3. g3 g6 4. Bg2 Bg7 5. d3 d6 6. f4 Nf6 7. Nf3 Bg4 8. h3
Bxf3 9. Qxf3 O-O 10. O-O Rb8 11. a3 Nd7 12. g4 b5 13. Kh1 a5 14. Be3 b4 15.
axb4 axb4 16. Nd1 Nd4 17. Qf2 Qb6 18. h4 Ra8 19. Rb1 Qa6 20. h5 b3 21. c4 Nc2
22. Bd2 Bd4 23. Qh4 Qc8 24. hxg6 fxg6 25. Rf3 Nf6 26. f5 Rf7 27. Rh3 g5 28.
Bxg5 Rg7 29. Bf3 Rxg5 30. Qxg5+ Kh8 31. Qh4 Qg8 32. g5 Nd7 33. g6 Ne5 34. Qxe7
Nxg6 35. fxg6 Qxg6 36. Qxh7+ Qxh7 37. Rxh7+ Kxh7 38. Nc3 Kg6 39. Kg2 Bxc3 40.
bxc3 Ra2 41. Kg3 b2 42. Kf4 Na3 43. Rg1+ Kf6 44. d4 b1=Q 45. e5+ dxe5+ 46.
dxe5+ Ke7 0-1

[Event "Lichtenberger Sommer"]
[Site "Berlin"]
[Date "2009.08.23"]
[Round "9.28"]
[White "Lerch, Philipp"]
[Black "Magnussen, Helge"]
[Result "0-1"]
[WhiteElo "1905"]
[BlackElo "2056"]
[PlyCount "78"]
[EventDate "2009.??.??"]
[WhiteTeam "TuS Makkabi Berlin e.V."]
[BlackTeam "SV Empor Berlin e.V."]

1. e4 e6 2. d4 d5 3. exd5 exd5 4. c4 Nf6 5. Nc3 Bb4 6. Bd3 Be6 7. c5 O-O 8.
Nge2 b6 9. cxb6 axb6 10. O-O Bd6 11. Bf4 Nc6 12. Bxd6 Qxd6 13. Nb5 Qd7 14. a3
Rfc8 15. b4 Ne7 16. Nf4 Bf5 17. Nc3 Ra7 18. Nb5 Raa8 19. Nc3 Ra7 20. Nb5 Rb7
21. Nc3 Ra8 22. Re1 Bxd3 23. Nxd3 c6 24. Ne5 Qd6 25. Qb3 b5 26. h3 Nf5 27. Ne2
Ne4 28. Rec1 Rb6 29. Qc2 f6 30. Ng4 Qd7 31. Ne3 Nxe3 32. fxe3 Nd6 33. a4 bxa4
34. Rxa4 Rab8 35. Qc3 Qe7 36. Rb1 Nc4 37. Rb3 Re8 38. Kf2 Qe4 39. Ra1 Qf5+ 0-1

[Event "Lichtenberger Sommer"]
[Site "Berlin"]
[Date "2009.08.23"]
[Round "9.29"]
[White "Smajic, Mirza"]
[Black "Elsing, Jan"]
[Result "1/2-1/2"]
[WhiteElo "1721"]
[BlackElo "2151"]
[PlyCount "63"]
[EventDate "2009.??.??"]
[WhiteTeam "SC Borussia Friedrichsfelde 1920"]
[BlackTeam "SC Friesen Lichtenberg e.V."]

1. e4 Nf6 2. Nc3 d5 3. exd5 Nxd5 4. Bc4 e6 5. Nf3 Nxc3 6. bxc3 Nd7 7. O-O Be7
8. Re1 O-O 9. d4 Bf6 10. Bf4 b6 11. Qd3 Bb7 12. Re3 Re8 13. Rae1 Bxf3 14. Rxf3
c6 15. Rh3 Nf8 16. Rhe3 Ng6 17. Bg3 b5 18. Bb3 Re7 19. Qe4 Qd7 20. Qg4 Rd8 21.
f4 a5 22. a4 b4 23. Kh1 bxc3 24. Rd1 Qe8 25. Red3 Red7 26. Bf2 Ne7 27. Qf3 Rd6
28. Qe4 Qd7 29. Rxc3 Nf5 30. Rcd3 h5 31. Qe1 Qa7 32. d5 1/2-1/2

[Event "Lichtenberger Sommer"]
[Site "Berlin"]
[Date "2009.08.23"]
[Round "9.31"]
[White "Bauder, Herbert"]
[Black "Amelang, Thomas"]
[Result "0-1"]
[WhiteElo "2027"]
[BlackElo "2176"]
[PlyCount "120"]
[EventDate "2009.??.??"]
[WhiteTeam "SG Lasker Steglitz-Wilmersdorf"]
[BlackTeam "SK Siemens München"]

1. d4 c5 2. d5 Nf6 3. c4 b5 4. cxb5 a6 5. bxa6 Bxa6 6. Nc3 d6 7. Nf3 g6 8. g3
Bg7 9. Bg2 O-O 10. O-O Nbd7 11. Rb1 Qb6 12. Qc2 e6 13. Rd1 exd5 14. Ne1 Bb7 15.
Nxd5 Nxd5 16. Bxd5 Bxd5 17. Rxd5 Nf6 18. Rd1 Rxa2 19. Qc4 Qa6 20. Qxa6 Rxa6 21.
Bf4 d5 22. b4 Ne4 23. bxc5 Nc3 24. Rb6 Rxb6 25. cxb6 Nxd1 26. b7 Bd4 27. b8=Q
Rxb8 28. Bxb8 Bxf2+ 29. Kf1 Bxe1 30. Kxe1 Ne3 31. h3 Nc4 32. Kf2 f6 33. Kf3 Kf7
34. Kf4 Ke6 35. Ba7 h5 36. h4 Nd6 37. Bb8 Ne4 38. Bc7 g5+ 39. hxg5 fxg5+ 40.
Kf3 Kf5 41. Ba5 g4+ 42. Kg2 Ke5 43. Bc7+ Kd4 44. Bf4 Kc3 45. Kf1 Kc2 46. Ke1
Kc3 47. Be5+ Kc4 48. Kf1 Kc5 49. e3 Kb4 50. Ke1 Kb3 51. Kd1 Ng5 52. Ke2 Kc2 53.
Bf6 Ne4 54. Be5 Nc3+ 55. Ke1 Kd3 56. Bf4 Ne2 57. Kf2 Nxf4 58. gxf4 Ke4 59. Kg3
d4 60. exd4 Kxd4 0-1

[Event "Lichtenberger Sommer"]
[Site "Berlin"]
[Date "2009.08.23"]
[Round "9.32"]
[White "Baranowsky, Peter"]
[Black "Badestein, Hartmut"]
[Result "1/2-1/2"]
[WhiteElo "1935"]
[BlackElo "2182"]
[PlyCount "29"]
[EventDate "2009.??.??"]
[WhiteTeam "Sfrd. Berlin 1903 e.V."]
[BlackTeam "SC Friesen Lichtenberg e.V."]

1. d4 Nf6 2. Nf3 g6 3. Nc3 d5 4. Bf4 Bf5 5. e3 c6 6. Ne5 Nbd7 7. f3 Nh5 8. g4
Nxf4 9. gxf5 Nh5 10. Qd3 e6 11. fxe6 Nxe5 12. dxe5 fxe6 13. O-O-O Be7 14. Bh3
Ng7 15. Rhg1 1/2-1/2

[Event "Lichtenberger Sommer"]
[Site "Berlin"]
[Date "2009.08.23"]
[Round "9.34"]
[White "Knebel, Lothar"]
[Black "Hahlbohm, Matthias"]
[Result "0-1"]
[WhiteElo "1789"]
[BlackElo "2084"]
[PlyCount "120"]
[EventDate "2009.??.??"]
[WhiteTeam "SV Oberkochen"]
[BlackTeam "TSG Oberschöneweide e.V."]

1. c4 Nf6 2. Nc3 c6 3. e4 d6 4. Nf3 e5 5. Be2 g6 6. O-O Bg7 7. h3 O-O 8. d4 Qc7
9. Be3 Re8 10. dxe5 dxe5 11. Qc2 Nbd7 12. Rfd1 b6 13. b4 Bb7 14. Rd2 Nf8 15.
Rad1 Ne6 16. g3 Rad8 17. Ng5 Nd4 18. Bxd4 exd4 19. Rxd4 Rxd4 20. Rxd4 c5 21.
bxc5 bxc5 22. Rd2 h6 23. e5 Rxe5 24. Nb5 Qb8 25. Nxf7 Kxf7 26. Nd6+ Kg8 27.
Nxb7 Qxb7 28. Qxg6 Re8 29. f4 Qe7 30. Qd3 Ne4 31. Bh5 Nxd2 32. Bxe8 Qe1+ 33.
Kg2 Qe4+ 34. Qxe4 Nxe4 35. Bc6 Nc3 36. a3 Kf7 37. Kf3 Bd4 38. g4 Bf6 39. Ke3
Ke7 40. Kd3 Nd1 41. Ke4 Kd6 42. Kf5 Bb2 43. Bb5 Bxa3 44. Kg6 Bc1 45. f5 Ke7 46.
f6+ Kf8 47. h4 a5 48. g5 hxg5 49. hxg5 Nc3 50. Kf5 a4 51. g6 Bh6 52. g7+ Bxg7
53. fxg7+ Kxg7 54. Bxa4 Nxa4 55. Ke5 Kg6 56. Ke6 Kg5 57. Ke5 Kg4 58. Ke4 Kg3
59. Ke3 Nb6 60. Ke4 Kf2 0-1

[Event "Lichtenberger Sommer"]
[Site "Berlin"]
[Date "2009.08.23"]
[Round "9.35"]
[White "Cerdan Herraez, Manuel Vicente"]
[Black "Gülke, Volker"]
[Result "0-1"]
[WhiteElo "1900"]
[BlackElo "2168"]
[PlyCount "50"]
[EventDate "2009.??.??"]
[WhiteTeam "CIM Benimaclet - Valencia"]
[BlackTeam "SV Eutin von 1875"]

1. d4 d5 2. Nc3 Bf5 3. e3 e6 4. Nf3 c6 5. Bd3 Bd6 6. Bxf5 exf5 7. Qd3 g6 8. Bd2
Nd7 9. Ne2 Ngf6 10. Ng3 Qc7 11. O-O-O Ne4 12. Qf1 Nb6 13. Be1 a5 14. Nxe4 fxe4
15. Nd2 a4 16. f3 f5 17. c4 Bb4 18. c5 Nd7 19. h4 a3 20. b3 Nxc5 21. dxc5 Qe5
22. Nc4 Qa1+ 23. Kc2 Qxa2+ 24. Kc1 dxc4 25. Rd4 Qb2+ 0-1

[Event "Lichtenberger Sommer"]
[Site "Berlin"]
[Date "2009.08.23"]
[Round "9.36"]
[White "Püschel, Werner"]
[Black "Muskewitz, Bernd"]
[Result "1/2-1/2"]
[WhiteElo "2167"]
[BlackElo "2004"]
[PlyCount "103"]
[EventDate "2009.??.??"]
[WhiteTeam "SG Lasker Steglitz-Wilmersdorf"]
[BlackTeam "TSG Oberschöneweide e.V."]

1. e4 c5 2. Nf3 e6 3. b3 a6 4. Bb2 Nc6 5. d3 b5 6. Be2 d5 7. Nbd2 Nf6 8. O-O
Be7 9. a4 b4 10. exd5 exd5 11. d4 O-O 12. dxc5 Bb7 13. Nd4 Bxc5 14. Nf5 g6 15.
Ng3 Bd4 16. Qc1 Rc8 17. Nf3 Bxb2 18. Qxb2 Ne4 19. Bd3 Qf6 20. Qxf6 Nxf6 21.
Rfe1 Rfe8 22. Kf1 Ng4 23. Rxe8+ Rxe8 24. h3 Nge5 25. Nxe5 Nxe5 26. Re1 Kf8 27.
f4 Nxd3 28. Rxe8+ Kxe8 29. cxd3 Ke7 30. d4 h5 31. h4 Bc8 32. Ke2 a5 33. Ke3 Bg4
34. Kd2 Kf6 35. Nf1 Kf5 36. Ne3+ Ke4 37. g3 Kxd4 38. Nc2+ Ke4 39. Ne1 f6 40.
Nd3 Kd4 41. Ne1 Bf5 42. Nf3+ Ke4 43. Ne1 Kd4 44. Nf3+ Kc5 45. Ke3 Bg4 46. Nd4
Bd7 47. Kd3 Bc8 48. Ke3 Bd7 49. Kd3 Bh3 50. Ke3 Bd7 51. Kd3 Bc8 52. Ke3 1/2-1/2

[Event "Lichtenberger Sommer"]
[Site "Berlin"]
[Date "2009.08.23"]
[Round "9.37"]
[White "Poseck, Steffen"]
[Black "Keusch, Horst"]
[Result "1/2-1/2"]
[WhiteElo "2105"]
[BlackElo "1970"]
[PlyCount "82"]
[EventDate "2009.??.??"]
[WhiteTeam "BSV 63 Chemie Weißensee"]
[BlackTeam "SC Friesen Lichtenberg e.V."]

1. d4 d5 2. c4 c6 3. cxd5 cxd5 4. Nc3 Nc6 5. Nf3 Nf6 6. Bf4 e6 7. e3 Bd6 8.
Bxd6 Qxd6 9. Be2 O-O 10. O-O a6 11. Na4 Bd7 12. Nc5 Rab8 13. Rc1 Ne4 14. Ne5
Nxc5 15. Nxc6 Bxc6 16. dxc5 Qe7 17. b4 Qd7 18. Ra1 Ba4 19. Qd4 Rfd8 20. f4 f6
21. Rf3 Bc2 22. Rg3 Qe7 23. Qc3 Bg6 24. Rd1 Rbc8 25. Bf3 a5 26. a3 axb4 27.
axb4 Ra8 28. h4 Ra2 29. Rd2 Rda8 30. Rxa2 Rxa2 31. Bd1 Be4 32. Bb3 Ra8 33. Bc2
Rd8 34. h5 Kf8 35. c6 bxc6 36. Bxe4 dxe4 37. h6 g6 38. Qxc6 Rd1+ 39. Kh2 Rd5
40. b5 Qd7 41. Qa8+ Qd8 1/2-1/2

[Event "Lichtenberger Sommer"]
[Site "Berlin"]
[Date "2009.08.23"]
[Round "9.38"]
[White "Albrecht, Rainer"]
[Black "Walter, Günter"]
[Result "1-0"]
[WhiteElo "2141"]
[BlackElo "2042"]
[PlyCount "115"]
[EventDate "2009.??.??"]
[WhiteTeam "SC Kreuzberg e.V."]
[BlackTeam "TSG Oberschöneweide e.V."]

1. d4 e6 2. c4 Nf6 3. Nc3 c5 4. d5 exd5 5. cxd5 Bd6 6. e4 O-O 7. Nf3 Re8 8. Bd3
a6 9. O-O Bc7 10. a4 d6 11. h3 Nbd7 12. Bf4 Nf8 13. Re1 Ng6 14. Bh2 b6 15. Nd2
Bd7 16. f4 Qb8 17. g4 h6 18. Nf3 c4 19. Bxc4 b5 20. axb5 Qb6+ 21. Kg2 axb5 22.
Rxa8 Rxa8 23. Bd3 b4 24. Nb1 Ra2 25. Qd2 Bb5 26. Bg1 Qa6 27. Bxb5 Qxb5 28. f5
Nf8 29. Nd4 Qb7 30. Nc6 N8d7 31. Bd4 Nc5 32. Qxb4 Qxb4 33. Nxb4 Ba5 34. Nxa2
Bxe1 35. Bxc5 dxc5 36. Nac3 Nd7 37. Kf3 Ne5+ 38. Ke2 Bh4 39. Nd2 Be7 40. b3 h5
41. gxh5 Kh7 42. Nf3 Nd7 43. e5 Kh6 44. d6 Bd8 45. e6 fxe6 46. fxe6 Nf6 47. e7
Bxe7 48. dxe7 Kxh5 49. Ne4 Ne8 50. Ne5 Kh4 51. Nf7 c4 52. bxc4 Kxh3 53. Nfd6
Nc7 54. c5 g5 55. c6 g4 56. e8=Q Nxe8 57. Nxe8 g3 58. Nxg3 1-0

[Event "Lichtenberger Sommer"]
[Site "Berlin"]
[Date "2009.08.23"]
[Round "9.39"]
[White "Jordans, Ralph"]
[Black "Welz, Peter"]
[Result "1/2-1/2"]
[WhiteElo "1870"]
[BlackElo "2101"]
[PlyCount "109"]
[EventDate "2009.??.??"]
[WhiteTeam "Ford-Schachfreunde Köln e.V."]
[BlackTeam "SV Empor Berlin e.V."]

1. c4 f5 2. Nf3 Nf6 3. g3 g6 4. Bg2 Bg7 5. Nc3 d6 6. d3 e5 7. Qb3 Nc6 8. Bg5 h6
9. Bd2 g5 10. e3 Qe7 11. Nd5 Nxd5 12. cxd5 Nd8 13. h4 g4 14. Ng1 O-O 15. Ne2
Kh8 16. O-O c5 17. dxc6 bxc6 18. Rac1 Be6 19. Qa3 Rc8 20. d4 f4 21. exf4 exd4
22. Rfe1 Qd7 23. Be4 c5 24. f5 Bxf5 25. Nf4 Nc6 26. Bd5 Ne5 27. Nh5 Nd3 28. Be6
Bxe6 29. Qxd3 Bf5 30. Qa3 Rce8 31. Nxg7 Kxg7 32. Bf4 Rxe1+ 33. Rxe1 Re8 34.
Rxe8 Qxe8 35. Qxa7+ Kg6 36. Qa5 Qe2 37. Qd2 Qxd2 38. Bxd2 Bd3 39. Bf4 d5 40.
Bd6 c4 41. Be5 Bb1 42. a4 d3 43. Bc3 Bc2 44. a5 d4 45. Bd2 h5 46. Kf1 Kf5 47.
Ke1 Ba4 48. Bb4 Ke4 49. a6 Bc6 50. Ba5 Kd5 51. Kd2 Kc5 52. Bc7 Bb5 53. a7 Bc6
54. Be5 Kd5 55. Bf6 1/2-1/2

[Event "Lichtenberger Sommer"]
[Site "Berlin"]
[Date "2009.08.23"]
[Round "9.40"]
[White "Costello, Colin"]
[Black "Nieber, Alexander"]
[Result "1-0"]
[WhiteElo "2038"]
[BlackElo "1826"]
[PlyCount "75"]
[EventDate "2009.??.??"]
[WhiteTeam "SC Weisse Dame e.V."]
[BlackTeam "SG Aufbau Elbe Magdeburg"]

1. c4 Nf6 2. g3 d5 3. cxd5 Nxd5 4. Nc3 Nxc3 5. bxc3 g6 6. Bg2 Bg7 7. Rb1 c6 8.
Nf3 O-O 9. O-O Qc7 10. Qc2 Bf5 11. e4 Bg4 12. d4 c5 13. Bf4 Qc8 14. Qb3 b6 15.
Ne5 Be6 16. d5 Bh3 17. Nc4 Bxg2 18. Kxg2 Nd7 19. Rfe1 h6 20. Rbd1 g5 21. Bc1
Ne5 22. Ne3 c4 23. Qc2 Nd3 24. Re2 Nxc1 25. Qxc1 b5 26. Nf5 Qd7 27. h4 f6 28.
f4 g4 29. h5 Rad8 30. Nd4 Rfe8 31. Ne6 Rb8 32. Qc2 Rb6 33. e5 Rxe6 34. dxe6
Qxe6 35. Qg6 Qf7 36. Qxf7+ Kxf7 37. e6+ Kf8 38. f5 1-0

[Event "Lichtenberger Sommer"]
[Site "Berlin"]
[Date "2009.08.23"]
[Round "9.41"]
[White "Brüning, Wolfgang"]
[Black "Krajewski, Wolfgang"]
[Result "1/2-1/2"]
[WhiteElo "1946"]
[BlackElo "2131"]
[PlyCount "94"]
[EventDate "2009.??.??"]
[WhiteTeam "Queer-Springer SSV Berlin"]
[BlackTeam "SK Zehlendorf e.V."]

1. d4 e5 2. dxe5 Nc6 3. Nf3 Qe7 4. e4 Nxe5 5. Nxe5 Qxe5 6. Bd3 Bc5 7. Nd2 d6 8.
Nc4 Qf6 9. O-O Ne7 10. Bd2 Be6 11. Bc3 Qh6 12. b4 Bb6 13. Nxb6 axb6 14. f4 Nc6
15. b5 Na5 16. f5 Bd7 17. Rf3 f6 18. Rh3 Qf4 19. Qe2 d5 20. exd5+ Kd8 21. Re1
Qd6 22. Re3 c6 23. Bxa5 Rxa5 24. dxc6 bxc6 25. bxc6 Qxc6 26. Be4 Qb5 27. Rd3
Re8 28. Red1 Re7 29. Qf3 Kc8 30. Rc3+ Kb8 31. Rcd3 Ra7 32. Bd5 Rc7 33. c4 Qb4
34. Qf2 Ba4 35. Rf1 Re5 36. Be6 Bc6 37. Rb3 Qc5 38. Rxb6+ Ka7 39. Rb3 Be4 40.
Ra3+ Kb8 41. Rb3+ Ka7 42. Rb5 Qxf2+ 43. Rxf2 Rxb5 44. cxb5 Rc1+ 45. Rf1 Rc2 46.
Rf2 Rc1+ 47. Rf1 Rc2 1/2-1/2

[Event "Lichtenberger Sommer"]
[Site "Berlin"]
[Date "2009.08.23"]
[Round "9.42"]
[White "Kayser, Stefan"]
[Black "Bandlow, Matthias"]
[Result "1-0"]
[WhiteElo "1964"]
[BlackElo "1997"]
[PlyCount "65"]
[EventDate "2009.??.??"]
[WhiteTeam "Schachclub Oranienburg e.V."]
[BlackTeam "SC Borussia Friedrichsfelde 1920"]

1. d4 d5 2. c4 e6 3. Nc3 Nf6 4. Bg5 Be7 5. cxd5 exd5 6. e3 O-O 7. Bd3 h6 8. Bh4
c6 9. Qc2 Be6 10. Nf3 Nbd7 11. O-O Nh5 12. Bxe7 Qxe7 13. Rab1 Bg4 14. Ne1 Qg5
15. b4 Nhf6 16. Na4 h5 17. Nc5 Nxc5 18. bxc5 Rab8 19. h3 Bc8 20. Nf3 Qh6 21.
Ne5 Nd7 22. Nxd7 Bxd7 23. Qa4 a6 24. Qd1 Qg5 25. Qf3 g6 26. Rb6 a5 27. Rfb1 Bc8
28. Ba6 Bf5 29. R1b2 Be4 30. Qg3 Qd8 31. Rxb7 h4 32. Qxb8 Qxb8 33. Rxb8 1-0

[Event "Lichtenberger Sommer"]
[Site "Berlin"]
[Date "2009.08.23"]
[Round "9.43"]
[White "Körner, Helmut"]
[Black "Penne, Bo"]
[Result "1/2-1/2"]
[WhiteElo "1947"]
[BlackElo "2000"]
[PlyCount "41"]
[EventDate "2009.??.??"]
[WhiteTeam "Sfr.Nord-Ost Berlin"]
[BlackTeam "USV Potsdam e.V., Abt. Schach"]

1. b4 d5 2. Bb2 Nf6 3. e3 c6 4. Nf3 Bg4 5. c4 dxc4 6. Bxc4 e6 7. a3 Nbd7 8. d4
a5 9. b5 Qb6 10. Nc3 cxb5 11. Bxb5 Be7 12. Qe2 O-O 13. O-O e5 14. Na4 Qd6 15.
dxe5 Bxf3 16. Qxf3 Nxe5 17. Qg3 Ng6 18. Qxd6 Bxd6 19. Bxf6 gxf6 20. Rfd1 Be5
21. Rab1 1/2-1/2

[Event "Lichtenberger Sommer"]
[Site "Berlin"]
[Date "2009.08.23"]
[Round "9.44"]
[White "Hoppensack, Manfred"]
[Black "Scheide, Helmut"]
[Result "1-0"]
[WhiteElo "2029"]
[BlackElo "1971"]
[PlyCount "71"]
[EventDate "2009.??.??"]
[WhiteTeam "SC Friesen Lichtenberg e.V."]
[BlackTeam "USV Potsdam e.V., Abt. Schach"]

1. e4 e5 2. Nc3 Nf6 3. f4 d5 4. fxe5 Nxe4 5. Nf3 Be7 6. d4 O-O 7. Bd3 f5 8. Ne2
Nc6 9. c3 Be6 10. Nf4 Qd7 11. Be3 Bf7 12. Qa4 a6 13. O-O g5 14. e6 Bxe6 15.
Nxe6 Qxe6 16. Bxe4 Qxe4 17. Rae1 Qg4 18. Qb3 f4 19. Qxd5+ Rf7 20. Bc1 Qf5 21.
Qc4 Bd6 22. Qb3 b5 23. a4 Kg7 24. axb5 axb5 25. d5 Na5 26. Qxb5 c6 27. Qa4 Qxd5
28. b4 Qb3 29. Qxb3 Nxb3 30. Nxg5 Rf5 31. Bxf4 Bxf4 32. Ne6+ Kh6 33. Nxf4 Ra2
34. Re6+ Kg7 35. Rxc6 Re5 36. Ne6+ 1-0